| 000 | 02565nam a2200433 c 4500 | ||
|---|---|---|---|
| 003 | BLK | ||
| 005 | 20250119004142.0 | ||
| 008 | 180411b bul|||||r ||||||| ||bul|| | ||
| 010 | _aKNG00176921000 | ||
| 020 |
_a978-954-09-0814-4 _bиздат.: Захарий Стоянов - на том (т.2) |
||
| 040 | _aBLK | ||
| 041 |
_aBUL _cBUL |
||
| 072 | 7 |
_2bullib _aН92 _xИстория Н |
|
| 080 |
_aПолитически и културен разцвет (852-927). Дейността на Кирил и Методий. Приемане на христианството _b94(497.2)"852/927" _x(092) _z94(497.2)"852/927"(092) |
||
| 080 |
_aПериод на феодализма в българските земи (VII век -I пол. на XVIII век) _b94(497.2)"06/17" _x(081) _z94(497.2)"06/17"(081) |
||
| 080 |
_aБългарски владетел, който налага християнството и въвежда славянската писменост в България _b929 Борис I, княз български _x _z929 Борис I, княз български |
||
| 100 | 1 |
_aГюзелев, Васил Тодоров _eпърви автор _9364355 |
|
| 139 |
_aГюзелев, Васил Тодоров _bБ 64 |
||
| 245 | 1 | 0 |
_aСъчинения в пет тома _bТ. 1 - _cВасил Тодоров Гюзелев. _nТ. 2 _pКняз Борис Първи (852 - 889; починал 907) |
| 257 | _aBGR | ||
| 260 |
_аСофия _c2013 - _fСофия : Унив. изд. Св. Климент Охридски |
||
| 300 | _c25 см | ||
| 380 | _a9 | ||
| 505 |
_g _r _tКавханите и Ичиргу боилите на българското ханство - царство (VІІ - XІ в.) |
||
| 600 | 1 | 4 |
_aБорис I, княз български _9282423 |
| 650 | 7 |
_aБългария - история, средни векове _2 _9149610 |
|
| 653 | _aБългария | ||
| 653 | _aистория | ||
| 653 | _aСредновековие | ||
| 653 | _aБорис І | ||
| 659 | _aН | ||
| 760 | 1 |
_3- на том (т.2) _aГюзелев, Васил Тодоров _dЗахарий Стоянов, 2014 _h512 с. : с табл. _nЗагл. на кор.: Княз Борис Първи. - Библиогр.: с. 489-500. _tТ. 2 Княз Борис Първи (852 - 889; починал 907) |
|
| 852 | _aЦб 272177 | ||
| 856 | 4 |
_qpdf _u |
|
| 856 | 4 |
_qpdf _u |
|
| 942 |
_cKNG _n0 |
||
| 944 |
_aCR _c19.06.2015 _k _lCRON CRON |
||
| 944 |
_aED _c06.11.2015 _kГрета_Цуфелде |
||
| 999 |
_c168963 _d168963 |
||